La société singulariste (notice n° 1926002)

détails MARC
000 -LEADER
fixed length control field 01593cam a2200133 4500500
005 - DATE AND TIME OF LATEST TRANSACTION
control field 20260329023257.0
041 ## - LANGUAGE CODE
Language code of text/sound track or separate title fre
042 ## - AUTHENTICATION CODE
Authentication code dc
100 10 - MAIN ENTRY--PERSONAL NAME
Personal name Martuccelli, Danilo
Relator term author
245 00 - TITLE STATEMENT
Title La société singulariste
260 ## - PUBLICATION, DISTRIBUTION, ETC.
Name of publisher, distributor, etc. Armand Colin,<br/>
Date of publication, distribution, etc. 2010.<br/>
520 ## - SUMMARY, ETC.
Summary, etc. S’il est devenu un lieu commun d’annoncer et souvent de dénoncer une prétendue uniformisation du monde, il conviendrait plutôt, au-delà de la convergence des préoccupations planétaires, de se demander si nos sociétés ne sont pas désormais avant tout gouvernées par un idéal massivement partagé de singularité, et travaillées en leur cœur par les multiples processus de singularisation qui en découlent. L’auteur du présent ouvrage suit à la trace les effets en tous domaines de cette expansion singulariste ; ce qui le mène à prendre acte, comme il est devenu urgent de le faire, d’une radicale déstabilisation de nos approches du social et du politique. Au-delà du bouleversement induit des habitudes les plus enracinées de la pratique sociologique, c’est toute notre conception de l’individualisme et, avec lui, de nos manières de faire société qui est remise en question. Le temps est venu de concevoir et de mettre en œuvre une nouvelle articulation entre les enjeux collectifs et les épreuves des individus, susceptible de singulariser l’étude des phénomènes sociaux. Il s’agit donc de rien moins que de bâtir une sociologie pour les individus.
856 41 - ELECTRONIC LOCATION AND ACCESS
Uniform Resource Identifier <a href="https://shs.cairn.info/la-societe-singulariste--9782200248642?lang=fr&redirect-ssocas=7080">https://shs.cairn.info/la-societe-singulariste--9782200248642?lang=fr&redirect-ssocas=7080</a>

Pas d'exemplaire disponible.

PLUDOC

PLUDOC est la plateforme unique et centralisée de gestion des bibliothèques physiques et numériques de Guinée administré par le CEDUST. Elle est la plus grande base de données de ressources documentaires pour les Étudiants, Enseignants chercheurs et Chercheurs de Guinée.

Adresse

627 919 101/664 919 101

25 boulevard du commerce
Kaloum, Conakry, Guinée

Réseaux sociaux

Powered by Netsen Group @ 2025